Blueprint intermediate : students'book /

Guardado en:
Autor Principal: Abbs, Brian
Otros Autores: Freebairn, Ingrid
Formato: Libro
Publicado: London : Longman, 1989
Materias:
Etiquetas: Agregar Etiqueta
Sin Etiquetas, Sea el primero en etiquetar este registro!
LEADER 00508nam a22001695a 4500
001 CEM.cems000297
005 20061013154248.0
008 130507s1989##################000#0#####d
003 CEMS
082 0 4 |a 428.64 
100 1 |a Abbs, Brian 
245 1 0 |a Blueprint intermediate :  |b students'book /  |c Brian Abbs ; ingrid Freebairn 
260 |a London :  |b Longman,  |c 1989 
300 |a 128 p. 
653 |a Ingles-textos 
700 1 |a Freebairn, Ingrid 
859 |a CEMS  |b BIB. CEMS - 11 de abril  |h 428.64  |i Ab29-2  |p 16122.91  |t Ej.1  |v III  |3 III